000 00291nam a2200121Ia 4500
008 220216s9999 xx 000 0 und d
245 4 _aThe Tyre industry of China
260 _bAutomotive Rubber Trends
_c2000
300 _a53-66
650 _aChina
650 _aTyre industry
942 _cJS
999 _c71105
_d71105